Rising East Asia (Record no. 569797)

MARC details
000 -LEADER
fixed length control field 00779nam a2200205Ia 4500
008 - FIXED-LENGTH DATA ELEMENTS--GENERAL INFORMATION
fixed length control field 250326s9999 xx 000 0 und d
020 ## - INTERNATIONAL STANDARD BOOK NUMBER
ISBN 9781483344713
Paper back/Hardbound pbk
041 ## - LANGUAGE CODE
Language code of text/sound track or separate title eng
082 ## - DEWEY DECIMAL CLASSIFICATION NUMBER
Classification number 327.500905
Item number LI
100 ## - MAIN ENTRY--AUTHOR NAME
Personal name Li, Chien-Pin
245 #0 - TITLE STATEMENT
Title Rising East Asia
Statement of responsibility, etc Chien-Pin Li
250 ## - EDITION STATEMENT
Edition statement 1st edition
260 ## - PUBLICATION, DISTRIBUTION, ETC. (IMPRINT)
Name of publisher Sage Publications
Year of publication 2021
Place of publication California
300 ## - PHYSICAL DESCRIPTION
Number of Pages 333p;
Dimensions 24 cm;
504 ## - BIBLIOGRAPHY, ETC. NOTE
Bibliography, etc Includes bibliographies and index
520 ## - SUMMARY, ETC.
Summary, etc Rising East Asia by Chien-pin Li is a core text for the Politics of East Asia course that covers the economic, political, and security concerns of China, Japan, and Korea since the end of World War II
650 ## - SUBJECT ADDED ENTRY--TOPICAL TERM
Topical Term Diplomatic relations ; East Asia ; East Asia Foreign relations 21st century ;
942 ## - ADDED ENTRY ELEMENTS (KOHA)
Koha item type English Books
Holdings
Withdrawn status Lost status Damaged status Not for loan Home library Current library Shelving location Date acquired Cost, normal purchase price Full call number Accession Number Price effective from Koha item type
        Anna Centenary Library Anna Centenary Library 3RD FLOOR, B WING 14.03.2025 5647.20 327.500906 LI 702398 16.03.2025 Reference

Find us on the map